| 000 | 02069cam a22002413a 4500 | ||
|---|---|---|---|
| 001 | 13694 | ||
| 003 | PGUSA | ||
| 005 | 20140828083308.0 | ||
| 008 | 041010s2004||||xxu|||||s|||||000 e eng d | ||
| 040 |
_aPGUSA _beng |
||
| 042 | _adc | ||
| 050 | 4 | _aPS | |
| 100 | 1 |
_aMorley, Christopher, _d1890-1957 |
|
| 245 | 1 | 0 |
_aMince Pie _h[electronic resource] / _cChristopher Morley |
| 260 |
_bProject Gutenberg, _c2004 |
||
| 505 | 0 | _aOn filling an ink-well -- Old thoughts for Christmas -- Christmas cards -- On unanswering letters -- A letter to Father Time -- What men live by -- The unnatural naturalist -- Sitting in the barber's chair -- Brown eyes and equinoxes -- 163 innocent old men -- A tragic smell in Marathon -- Bullied by the birds -- A message for Boonville -- Making Marathon safe for the urchin -- The smell of smells -- A Japanese bachelor -- Two days we celebrate -- The urchin at the zoo -- Fellow craftsmen -- The key ring -- "Owd Bob" -- The apple that no one ate -- As to rumors -- Our mothers -- Greeting to American anglers -- Mrs. Izaak Walton writes a letter to her mother -- Truth -- The tragedy of Washington Square -- If Mr. Wilson were the weather man -- Syntax for cynics -- The truth at last -- Fixed ideas -- Trials of a president travelling abroad -- Diary of a publisher's office boy -- The dog's commandments -- The value of criticism -- A marriage service for commuters -- The sunny side of Grub Street -- Burial service for a newspaper joke -- Advice to those visiting a baby -- Abou Ben Woodrow -- My magnificent system -- Letters to Cynthia: In praise of boobs. Simplification -- To an unknown damsel -- Thoughts on setting an alarm clock -- Songs in a shower bath -- On dedicating a new teapot -- The unforgivable syntax -- Visiting poets -- A good home in the suburbs -- Walt Whitman miniatures -- On doors. | |
| 506 | _aPublic domain in the USA. | ||
| 516 | _aElectronic text | ||
| 653 | _aAmerican essays -- 20th century | ||
| 830 | 0 |
_aProject Gutenberg _v13694 |
|
| 856 | 4 | 0 | _uhttp://www.gutenberg.org/ebooks/13694 |
| 942 | _cEB | ||
| 999 |
_c242949 _d242949 |
||